Garner's environmental law : Bulletins Directory Information finder, Tables and Index / (Record no. 2754)
[ view plain ]
| 000 -LEADER | |
|---|---|
| fixed length control field | 01356nam a22002897a 4500 |
| 005 - DATE AND TIME OF LATEST TRANSACTION | |
| control field | 20110613114014.0 |
| 008 - FIXED-LENGTH DATA ELEMENTS--GENERAL INFORMATION | |
| fixed length control field | 110613t xxu||||| |||| 00| 0 eng d |
| 020 ## - INTERNATIONAL STANDARD BOOK NUMBER | |
| International Standard Book Number | 0406205108 |
| 040 ## - CATALOGING SOURCE | |
| Original cataloging agency | LDC |
| 082 ## - DEWEY DECIMAL CLASSIFICATION NUMBER | |
| Edition number | 22 |
| Classification number | 344.046 GAR |
| 245 ## - TITLE STATEMENT | |
| Title | Garner's environmental law : Bulletins Directory Information finder, Tables and Index / |
| Statement of responsibility, etc | Garner, J.F. ...[etal] . _ |
| 260 ## - PUBLICATION, DISTRIBUTION, ETC. (IMPRINT) | |
| Place of publication, distribution, etc | London : |
| Name of publisher, distributor, etc | Butterworths, |
| Date of publication, distribution, etc | c1997- |
| 300 ## - PHYSICAL DESCRIPTION | |
| Extent | v. (loose-leaf) ; |
| Dimensions | 26cm. |
| 500 ## - GENERAL NOTE | |
| General note | Contains supplements "A guide to environmental regulation in the UK" and "A directory of environmental regulators in the UK" by Ian Doolittle. |
| 500 ## - GENERAL NOTE | |
| General note | Scottish editor, H. McN. Henderson. |
| 500 ## - GENERAL NOTE | |
| General note | Practice editor I. Doolittle. |
| 500 ## - GENERAL NOTE | |
| General note | To 1992 title is "Control of pollution encyclopaedia". |
| 500 ## - GENERAL NOTE | |
| General note | From Feb. 1996 bulletins entitled "Environmental law bulletin". |
| 650 ## - SUBJECT ADDED ENTRY--TOPICAL TERM | |
| Topical term or geographic name as entry element | Environmental law |
| Form subdivision | Handbooks, manuals, etc. |
| 9 (RLIN) | 5486 |
| 700 ## - ADDED ENTRY--PERSONAL NAME | |
| Personal name | Garner, J. F. |
| Dates associated with a name | 1914- |
| Fuller form of name | (John Francis), |
| 9 (RLIN) | 5487 |
| 700 ## - ADDED ENTRY--PERSONAL NAME | |
| Personal name | Harris, D. J. |
| 9 (RLIN) | 5483 |
| 700 ## - ADDED ENTRY--PERSONAL NAME | |
| Personal name | Henderson, H. McN. |
| 9 (RLIN) | 5484 |
| 700 ## - ADDED ENTRY--PERSONAL NAME | |
| Personal name | Doolittle, I. |
| Fuller form of name | (Ian) |
| 9 (RLIN) | 5488 |
| 942 ## - ADDED ENTRY ELEMENTS (KOHA) | |
| Source of classification or shelving scheme | Dewey Decimal Classification |
| Item type | Books |
| Withdrawn status | Lost status | Source of classification or shelving scheme | Damaged status | Not for loan | Home library | Current library | Shelving location | Date acquired | Total Checkouts | Full call number | Barcode | Date last seen | Price effective from | Koha item type |
|---|---|---|---|---|---|---|---|---|---|---|---|---|---|---|
| Dewey Decimal Classification | Law Development Centre Main Library | Law Development Centre Main Library | Text Books and Laws | 06/13/2011 | 344.046 GAR | 2011/2191 | 06/13/2011 | 06/13/2011 | Books | |||||
| Dewey Decimal Classification | Law Development Centre Main Library | Law Development Centre Main Library | Text Books and Laws | 06/13/2011 | 344.046 GAR | 2011/2192 | 06/13/2011 | 06/13/2011 | Books |
